00973nam a2200193 a 4500008004100000050001700041100002100058245005100079260003900130300001400169350000900183650001300192650002300205995014700228995014700375999001700522952012000539952012000659071005s1997 ||||||||||||||||| || u aHD 30.28 Ron aRonan, Nessan, J10aStrategic planning:an active learning approach aKitwebCopperbelt Universityc1997 a30p.:ill. a0.00 aPLANNING 0aSTRATEGIC PLANNING aSPECIAL COLLECTIONSD0.00e729486FCBU-MAIN LIBRARY (Kitwe)H1I0.00jZAM HD 30.28 RONM1UAVAILABLEWOct 5, 2007y021580ZZambiana Collection aSPECIAL COLLECTIONSD0.00e729485FCBU-MAIN LIBRARY (Kitwe)H1I0.00jZAM HD 30.28 RONM2UAVAILABLEWOct 5, 2007y021581ZZambiana Collection c76865d76865 00102lcc4070a001b001cZambiana Collectiond2023-04-25l0oHD 30.28 Ronp021580r2023-04-25t1w2023-04-25y023 00102lcc4070a001b001cZambiana Collectiond2023-04-25l0oHD 30.28 Ronp021581r2023-04-25t2w2023-04-25y023